Normal view
MARC view
Entry Topical Term
001 - CONTROL NUMBER
- control field: 856310
003 - CONTROL NUMBER IDENTIFIER
- control field:
005 - DATE AND TIME OF LATEST TRANSACTION
- control field: 20210627084109.0
008 - FIXED-LENGTH DATA ELEMENTS
- fixed length control field: 210627|| aca||aabn | a|a d
040 ## - CATALOGING SOURCE
- Original cataloging agency:
- Transcribing agency:
150 ## - HEADING--TOPICAL TERM
- Topical term or geographic name entry element: Coins, Currency & Medals
670 ## - SOURCE DATA FOUND
- Source citation: Work cat.: ()739309: Anthory, Edwyn 856309, An enquiry into and an explanation of decimal coinage and the metric system weights and measures /, 1904
